000 00661nam a2200253Ia 4500
005 20260121114341.0
008 008 260114s9999 xx 000 0 eng d
020 _a9781119831808
037 _aEBOOK
040 _aCRL
040 _beng
040 _cCRL
041 _2eng
041 _aeng
084 _qCRL
100 _aJerome Beranger
_9973905
245 0 _aSocietal Responsibility of Artificial Intelligence - Towards an Ethical and Eco-responsible AI
260 _bWiley
260 _c2021
856 _uhttps://onlinelibrary.wiley.com/doi/book/10.1002/9781119831808
942 _cEBOOK
999 _c1553159
_d1553159